| 000 | 00882ntm a22002297a 4500 | ||
|---|---|---|---|
| 005 | 20170813153215.0 | ||
| 008 | 170802s2012 xx a frb 000 0 eng d | ||
| 040 |
_aEG-ScBUE _beng _cEG-ScBUE |
||
| 082 | 0 | 4 |
_222 _a624 _bMAH |
| 100 | 1 | _aMahmoud, Ahmed Saad. | |
| 245 | 1 | 4 |
_aThe efficacy of lateral load resistance systems in reducing structural response of MDOF Steel & RC Bulidings under earthquake excitation / _cAhmed Saad Mahmoud. |
| 260 | _c2012. | ||
| 300 |
_a70 p. : _bill. ; _c28 cm. |
||
| 500 | _aA dissertation submitted to The Faculty Of Engineering, The British University In Egypt, in partial fulfillment of the requirements for the bachelor degree in civil engineering. | ||
| 590 | _aNour | ||
| 650 | 7 |
_2BUEsh _aCivil engineering _vProjects |
|
| 653 |
_bENGCIV _cAugust2017 |
||
| 655 | _vSPRO | ||
| 700 | 1 |
_aHassan, Maguid. _eths |
|
| 777 | _ASPRO | ||
| 942 | _2ddc | ||
| 999 |
_c25266 _d25238 |
||